[Event "Catalunya-ch prel"]
[Site "Santa Eulalia de Roncana"]
[Date "2020.02.15"]
[Round "4.3"]
[White "Agapito Garrido, Bernat"]
[Black "Lopez Nadal, Alex"]
[Result "0-1"]
[WhiteElo "1923"]
[BlackElo "2153"]
[PlyCount "114"]
[EventDate "2020.01.25"]
[EventType "swiss"]
[EventRounds "5"]
[EventCountry "ESP"]
[SourceTitle "EXT 2024"]
[Source "ChessBase"]
[SourceDate "2023.10.10"]
[SourceVersion "1"]
[SourceVersionDate "2023.10.10"]
[SourceQuality "1"]

1. e4 c5 2. Nf3 Nc6 3. d4 cxd4 4. Nxd4 g6 5. Nc3 Bg7 6. Be3 Nf6 7. Be2 0-0 8. Qd2 d5 9. exd5 Nxd5 10. Nxd5 Qxd5 11. Bf3 Qd8 12. Nxc6 bxc6 13. 0-0 Qc7 14. c3 Be6 15. Qc2 a5 16. Qa4 Bd5 17. Bxd5 cxd5 18. Rfd1 Rfd8 19. Rd3 Qb7 20. Qa3 Qb5 21. Rad1 e6 22. b3 Rdc8 23. Qb2 Rc6 24. Qd2 Bf6 25. Bd4 Bg7 26. Bxg7 Kxg7 27. h4 h5 28. Qf4 f6 29. Qe3 Qc5 30. Qxc5 Rxc5 31. Re1 Kf7 32. f3 Rac8 33. Ree3 e5 34. Rd1 Ke6 35. Red3 Rd8 36. c4 d4 37. Re1 f5 38. Kf2 f4 39. g3 fxg3+ 40. Kxg3 Kf5 41. Re4 Rc7 42. Re2 Rb7 43. Kf2 Rdb8 44. Rc2 g5 45. Kg3 gxh4+ 46. Kxh4 Rg7 47. Rb2 Rg1 48. Kh3 Rc1 49. Rg2 Rh1+ 50. Kg3 Rg8+ 51. Kf2 Rxg2+ 52. Kxg2 Ra1 53. a4 Rc1 54. Kf2 h4 55. Kg2 Rc3 56. Rd1 Rxb3 57. Rc1 Rc3 0-1

[Event "Llinars del Valles op-A 13th"]
[Site "Llinars del Valles"]
[Date "2019.06.08"]
[Round "7"]
[White "Lopez Nadal, Alex"]
[Black "Torras Coloma, Pau"]
[Result "0-1"]
[WhiteElo "1761"]
[BlackElo "1770"]
[PlyCount "48"]
[EventDate "2019.03.30"]
[EventType "swiss"]
[EventRounds "8"]
[EventCountry "ESP"]
[SourceTitle "EXT 2020"]
[Source "ChessBase"]
[SourceDate "2019.10.17"]
[SourceVersion "1"]
[SourceVersionDate "2019.10.17"]
[SourceQuality "1"]

1. e4 c5 2. a3 Nc6 3. b4 Nf6 4. b5 Nd4 5. c3 Ne6 6. e5 Nd5 7. Bc4 Nec7 8. d3 d6 9. f4 dxe5 10. fxe5 Bf5 11. Nf3 e6 12. Bg5 Be7 13. Bxe7 Qxe7 14. 0-0 Ne3 15. Qa4 Nxf1 16. Kxf1 0-0 17. Nbd2 Nd5 18. Qb3 Rfd8 19. d4 Ne3+ 20. Kf2 cxd4 21. Nxd4 Nxc4 22. Qxc4 Rac8 23. Nxf5 exf5 24. Qf4 Qc5+ 0-1

[Event "Llinars del Valles op-A 13th"]
[Site "Llinars del Valles"]
[Date "2019.05.18"]
[Round "5"]
[White "Lopez Nadal, Alex"]
[Black "Sanchez Aguilar, Arnau"]
[Result "1-0"]
[WhiteElo "1761"]
[BlackElo "1649"]
[PlyCount "109"]
[EventDate "2019.03.30"]
[EventType "swiss"]
[EventRounds "8"]
[EventCountry "ESP"]
[SourceTitle "EXT 2020"]
[Source "ChessBase"]
[SourceDate "2019.10.17"]
[SourceVersion "1"]
[SourceVersionDate "2019.10.17"]
[SourceQuality "1"]

1. e4 e5 2. Nf3 Nc6 3. Bc4 Nf6 4. d4 exd4 5. Nxd4 Bc5 6. Nxc6 bxc6 7. Nc3 0-0 8. 0-0 Re8 9. Bg5 h6 10. Bh4 g5 11. Bg3 Nxe4 12. Nxe4 Rxe4 13. Bd3 Re8 14. Qh5 Qf6 15. Kh1 d6 16. f4 Be6 17. h4 gxh4 18. Bxh4 Qg7 19. Be1 Bd5 20. Qh2 Qxb2 21. Bd2 Qg7 22. f5 Be3 23. f6 Qxg2+ 24. Qxg2+ Bxg2+ 25. Kxg2 Bxd2 26. Rad1 Bc3 27. Rf3 Be5 28. Rh1 Re6 29. Rxh6 Rd8 30. Rf5 Bxf6 31. Rhxf6 Rxf6 32. Rxf6 Rb8 33. Rf4 Ra8 34. Ra4 a5 35. Be4 Ra6 36. Bd3 Ra7 37. Kf3 Kg7 38. Rc4 c5 39. Ke4 c6 40. Kf5 Re7 41. Ra4 Ra7 42. Rg4+ Kh8 43. Kf6 d5 44. c4 Rd7 45. Rh4+ Kg8 46. Bf5 Rd6+ 47. Ke5 Rd8 48. Kf6 Rf8 49. Ke7 Rb8 50. Rg4+ Kh8 51. Kxf7 Rb7+ 52. Kf6 dxc4 53. Rxc4 Kg8 54. Rg4+ Kf8 55. Be6 1-0

[Event "Llinars del Valles op-A 13th"]
[Site "Llinars del Valles"]
[Date "2019.04.27"]
[Round "3"]
[White "Lopez Nadal, Alex"]
[Black "Nadal Fajardo, Ricard"]
[Result "0-1"]
[WhiteElo "1761"]
[BlackElo "1932"]
[PlyCount "58"]
[EventDate "2019.03.30"]
[EventType "swiss"]
[EventRounds "8"]
[EventCountry "ESP"]
[SourceTitle "EXT 2020"]
[Source "ChessBase"]
[SourceDate "2019.10.17"]
[SourceVersion "1"]
[SourceVersionDate "2019.10.17"]
[SourceQuality "1"]

1. e4 c6 2. d4 d5 3. e5 Bf5 4. g4 Bd7 5. f4 e6 6. Nf3 h5 7. g5 Ne7 8. Bd3 g6 9. Be3 Na6 10. c3 Qb6 11. b4 Nc7 12. Nbd2 a5 13. a3 Nf5 14. Bxf5 exf5 15. Nb3 axb4 16. axb4 Rxa1 17. Qxa1 Qb5 18. Kd2 Be7 19. Nc5 b6 20. Nxd7 Kxd7 21. Qa7 Ra8 22. Qb7 Ra2+ 23. Kc1 Qd3 24. e6+ Kxe6 25. Qc8+ Kd6 26. Qd7+ Kxd7 27. Ne5+ Ke8 28. Nxd3 Ra1+ 29. Kd2 Rxh1 0-1

[Event "Roncana op-B 9th"]
[Site "Santa Eulalia de Roncana"]
[Date "2015.11.21"]
[Round "7"]
[White "Lorenzo Martinez, Ruben"]
[Black "Lopez Nadal, Alex"]
[Result "1-0"]
[WhiteElo "1855"]
[BlackElo "1779"]
[PlyCount "45"]
[EventDate "2015.10.03"]
[EventType "swiss"]
[EventRounds "8"]
[EventCountry "ESP"]
[SourceTitle "EXT 2017"]
[Source "ChessBase"]
[SourceDate "2016.10.25"]
[SourceVersion "1"]
[SourceVersionDate "2016.10.25"]
[SourceQuality "1"]

1. d4 d5 2. Nf3 Nf6 3. e3 Bf5 4. Be2 e6 5. Nbd2 Nbd7 6. b3 c5 7. Bb2 Bd6 8. Ne5 cxd4 9. exd4 Qc7 10. f4 Ne4 11. 0-0 f6 12. Nxe4 Bxe4 13. Nd3 0-0 14. Rc1 e5 15. fxe5 fxe5 16. h3 exd4 17. Bxd4 Bh2+ 18. Kh1 Qg3 19. Bf3 Bxf3 20. Rxf3 Rxf3 21. Qxf3 Qxf3 22. gxf3 Bg3 23. Rg1 1-0

[Event "Roncana op-B 9th"]
[Site "Santa Eulalia de Roncana"]
[Date "2015.10.17"]
[Round "2"]
[White "Arias Prieto, Diana"]
[Black "Lopez Nadal, Alex"]
[Result "1-0"]
[WhiteElo "1847"]
[BlackElo "1779"]
[PlyCount "83"]
[EventDate "2015.10.03"]
[EventType "swiss"]
[EventRounds "8"]
[EventCountry "ESP"]
[SourceTitle "EXT 2017"]
[Source "ChessBase"]
[SourceDate "2016.10.25"]
[SourceVersion "1"]
[SourceVersionDate "2016.10.25"]
[SourceQuality "1"]

1. e4 c5 2. f4 Nc6 3. Nc3 d6 4. h3 Nf6 5. Nf3 d5 6. d3 d4 7. Ne2 b5 8. g4 Ba6 9. Bg2 c4 10. e5 cxd3 11. cxd3 Nd5 12. Nexd4 Nxd4 13. Nxd4 Rc8 14. a3 b4 15. Qa4+ Qd7 16. Qxd7+ Kxd7 17. Bxd5 e6 18. Be4 bxa3 19. bxa3 Bc5 20. Nb3 Bb6 21. Bd2 Rhd8 22. f5 g6 23. Ke2 Ke7 24. Bg5+ Ke8 25. Bxd8 Kxd8 26. Rhc1 Rb8 27. Rab1 exf5 28. gxf5 gxf5 29. Bxf5 Bc7 30. Nc5 Bc8 31. Rxb8 Bxb8 32. Bxc8 Kxc8 33. Na6+ Kb7 34. Nxb8 Kxb8 35. d4 Kb7 36. d5 h5 37. d6 a5 38. d7 Kb6 39. d8Q+ Kb5 40. Rb1+ Ka4 41. Qb8 f6 42. Qb3# 1-0

[Event "Roncana op-B 9th"]
[Site "Santa Eulalia de Roncana"]
[Date "2015.10.03"]
[Round "1"]
[White "Pueyo Amoros, Pau"]
[Black "Lopez Nadal, Alex"]
[Result "0-1"]
[WhiteElo "1874"]
[BlackElo "1779"]
[PlyCount "76"]
[EventDate "2015.10.03"]
[EventType "swiss"]
[EventRounds "8"]
[EventCountry "ESP"]
[SourceTitle "EXT 2017"]
[Source "ChessBase"]
[SourceDate "2016.10.25"]
[SourceVersion "1"]
[SourceVersionDate "2016.10.25"]
[SourceQuality "1"]

1. e4 c5 2. d4 cxd4 3. c3 dxc3 4. Nxc3 g6 5. Nf3 Bg7 6. Bc4 e6 7. 0-0 Nf6 8. Bg5 Qc7 9. Bb3 0-0 10. Rc1 Qa5 11. Qd2 Nc6 12. Bh6 Ne5 13. Nxe5 Qxe5 14. Bxg7 Kxg7 15. Qe2 Qg5 16. h3 d5 17. exd5 exd5 18. Rfd1 Bxh3 19. Qf3 Bg4 20. Qg3 Nh5 21. Qd3 Nf4 22. Qd4+ f6 23. Re1 Bf3 24. g3 Qh5 25. Re7+ Rf7 26. Rxf7+ Kxf7 27. Bxd5+ Nxd5 28. Qh4 Qxh4 29. gxh4 Nxc3 30. Rxc3 Bd5 31. Rc7+ Kg8 32. b3 a5 33. Rd7 Be4 34. Kf1 a4 35. Ke2 axb3 36. axb3 Ra3 37. b4 Bc6 38. Rd3 Bb5 0-1

[Event "Roncana op-C U14 7th"]
[Site "Santa Eulalia de Roncana"]
[Date "2013.11.09"]
[Round "5"]
[White "Lopez Nadal, Alex"]
[Black "Dartmann Aubanell, Catriona"]
[Result "1-0"]
[WhiteElo "1796"]
[BlackElo "1700"]
[PlyCount "29"]
[EventDate "2013.10.05"]
[EventType "swiss"]
[EventRounds "8"]
[EventCountry "ESP"]
[SourceTitle "EXT 2015"]
[Source "ChessBase"]
[SourceDate "2014.11.20"]
[SourceVersion "1"]
[SourceVersionDate "2014.11.20"]
[SourceQuality "1"]

1. e4 e5 2. Nf3 Nc6 3. Nc3 Nf6 4. Bc4 Nxe4 5. Nxe4 d5 6. Nfg5 dxc4 7. Qh5 g6 8. Qf3 f5 9. b3 Be7 10. Z0 Nd4 11. Qh3 Nxc2+ 12. Ke2 Nxa1 13. Qh6 fxe4 14. Qg7 Bf6 15. Qf7# 1-0

[Event "Roncana op-C 6th"]
[Site "Santa Eulalia de Roncana"]
[Date "2012.11.24"]
[Round "7.2"]
[White "Ceruelo Santiveri, Oscar"]
[Black "Lopez Nadal, Alex"]
[Result "1-0"]
[WhiteElo "1745"]
[BlackElo "1755"]
[PlyCount "93"]
[EventDate "2012.10.06"]
[EventType "swiss"]
[EventRounds "8"]
[EventCountry "ESP"]
[SourceTitle "EXT 2024"]
[Source "ChessBase"]
[SourceDate "2023.10.10"]
[SourceVersion "1"]
[SourceVersionDate "2023.10.10"]
[SourceQuality "1"]

1. e4 e5 2. f3 Nc6 3. Bb5 Nd4 4. Bc4 Nf6 5. c3 Nc6 6. Bb5 Ne7 7. d4 exd4 8. cxd4 c6 9. Bd3 Ng6 10. e5 Nd5 11. Bxg6 fxg6 12. Qb3 Bb4+ 13. Bd2 Bxd2+ 14. Nxd2 Qe7 15. a3 d6 16. 0-0-0 Bf5 17. Nh3 dxe5 18. Rhe1 0-0 19. Rxe5 Qd7 20. Ng5 Rae8 21. Rde1 Rxe5 22. Rxe5 Re8 23. f4 Rxe5 24. dxe5 Qe7 25. h3 Kf8 26. Nxh7+ Ke8 27. g4 Qc5+ 28. Qc4 Qg1+ 29. Nf1 Ne3 30. Qe2 Nxf1 31. gxf5 Ne3+ 32. Kd2 Nxf5 33. e6 Nd4 34. Qe4 Nb3+ 35. Kc2 Na1+ 36. Kc3 Qc5+ 37. Qc4 Qe3+ 38. Kb4 Qe1+ 39. Qc3 Qe4+ 40. Ka5 b6+ 41. Ka6 g5 42. Nxg5 Qxf4 43. Qxc6+ Ke7 44. Qd7+ Kf6 45. Nh7+ Ke5 46. e7 Nb3 47. e8Q# 1-0